Stratégie pre integrovaný územný rozvoj stredoeurópskej, podunajskej a jadranskej oblasti : podkladová správa PHARE

Salvato in:
Dettagli Bibliografici
Natura: Libro
Pubblicazione: Bratislava: EUREX, 2000
Soggetti:
Tags: Aggiungi Tag
Nessun Tag, puoi essere il primo ad aggiungerne!!

MARC

LEADER 00000nam a22000003a 4500
001 stu75481
005 20150121111301.8
008 020423s--------------------------------d
040 |a STU  |b slo 
041 0
245 |a Stratégie pre integrovaný územný rozvoj stredoeurópskej, podunajskej a jadranskej oblasti :  |b podkladová správa PHARE 
260 |a Bratislava: EUREX, 2000 
300 |a 168 s  |c mapy 
650 7 |a urbanizmus  |2 stusub 
650 7 |a plánovanie územné  |2 stusub 
996 |b 284AB00223  |c A*985 B  |l AAKNAR  |s A  |a 24  |w stu75481_0001